000 00533nam a2200193Ia 4500
001 13279
003 GE_BSU
008 181216s||||||||xx |||||||||||||| ||und||
040 _cGE_BSU
080 _a634.1(075.3)
245 _aПлодоводство и ягодоводство
245 _cПод.ред.В.В.Лебедев
260 _aМосква
260 _bСельхозгиз
260 _c1955
300 _a382стр.илл.20см.
653 _aПлодоводство и ягодоводство
942 _cBK
999 _c46441
_d46441